000
00311nam a22001217a 4500
020
_a
817100055X
082
_a
330.1091
100
_a
Devendra Thakur
245
_a
Planning for economic growth of third world countries
260
_a
New Delhi
_b
Deep and Deep publications
_c
1988
300
_a
224p
942
_c
BK
999
_c
3330
_d
3330